Central Library OPAC University of Rajshahi
Normal view MARC view

Entry Personal Name

Number of records used in: 1

001 - CONTROL NUMBER

  • control field: 172

003 - CONTROL NUMBER IDENTIFIER

  • control field: BD-RjUL

005 - DATE AND TIME OF LATEST TRANSACTION

  • control field: 20211213131603.0

008 - FIXED-LENGTH DATA ELEMENTS

  • fixed length control field: 211213|| aca||aabn | a|a d

040 ## - CATALOGING SOURCE

  • Original cataloging agency: BD-RjUL
  • Transcribing agency: BD-RjUL

100 ## - HEADING--PERSONAL NAME

  • Personal name: أعظمي، محمد حسن ;; Azami, Muhammad Hassan

670 ## - SOURCE DATA FOUND

  • Source citation: Work cat.: (BD-RjUL)78993: أعظمي، محمد حسن ;; Azami, Muhammad Hassan , المعجم الأعظم :‏: ‏يعني عربي اردو لغات ;; almuejam al'aezam :‏: ‏yaeni earabiun ardu lughat /